Music Quiz

Random Music or Clickable Quiz

'Whose' Rhymes In Song Lyrics Quiz Stats

Quiz Updated Jan 2, 2016

Also try: Drinking Songs
Challenge
Share
Tweet
Embed
Score 0/26 Timer 08:00
1 Play Today
% Correct
blues
90.7%
shoes
89%
lose
87.6%
Cruz
87.2%
dues
86.4%
news
86.4%
refuse
84.9%
cruise
84.9%
booze
83.5%
fuse
83.2%
use
82.7%
who's
81.9%
excuse
81.8%
% Correct
muse
81.7%
Hughes
80.4%
whose
80.2%
ewes
79.7%
choose
78.3%
clues
78.1%
woos
75.5%
rescues
73.5%
queues
72.4%
views
69.4%
reviews
49.5%
amuse
39.9%
abuse
37.4%

You're not logged in!

Compare scores with friends on all Sporcle quizzes.
Join for Free
OR
Log In

You Might Also Like...

Show Comments

Extras

Top Quizzes Today


Score Distribution

Your Account Isn't Verified!

In order to create a playlist on Sporcle, you need to verify the email address you used during registration. Go to your Sporcle Settings to finish the process.

Report this User

Report this user for behavior that violates our Community Guidelines.

Details: